Políticas de educación, ciencia y tecnología en Colombia: 1986 - 2000
Guardat en:
| Autor principal: | |
|---|---|
| Altres autors: | , |
| Format: | Llibre |
| Idioma: | Spanish |
| Publicat: |
Bogotá:
UPN,
2002
|
| Col·lecció: | Documentos de trabajo sobre investigación;
No. 11 |
| Matèries: | |
| Accés en línia: | Enlace del recurso |
| Etiquetes: |
Afegir etiqueta
Sense etiquetes, Sigues el primer a etiquetar aquest registre!
|
MARC
| LEADER | 00000nam a2200000 a 4500 | ||
|---|---|---|---|
| 001 | 001240 | ||
| 008 | 030919s2002 ck a fr# #000|0#spa|d | ||
| 020 | |a 958-9097-88-X | ||
| 041 | 0 | |a spa | |
| 043 | |a s-ck--- | ||
| 082 | 0 | 4 | |a 379.9861 |b J161p |
| 100 | 1 | |a Jaramillo de Mendoza, Angela María | |
| 245 | 1 | 0 | |a Políticas de educación, ciencia y tecnología en Colombia: |b 1986 - 2000 |c Angela María Jaramillo de Mendoza; María Cristina Sauza Vargas; John Trujillo Trujillo |
| 260 | |a Bogotá: |b UPN, |c 2002 | ||
| 300 | |a 99 p.: |b il., tabl. | ||
| 440 | 0 | |a Documentos de trabajo sobre investigación; |v No. 11 | |
| 650 | 1 | 4 | |a POLÍTICA EDUCATIVA |z COLOMBIA |
| 650 | 1 | 4 | |a CIENCIA Y ESTADO |
| 700 | 1 | |a Suaza Vargas, María Cristina | |
| 700 | 1 | |a Trujillo Trujillo, John | |
| 999 | |c 3392 |d 3392 | ||
| 856 | |u https://catalogo.idep.edu.co/cgi-bin/koha/opac-detail.pl?biblionumber=3392 |z Enlace del recurso | ||